| 000 | 01112nam0a22002651 4500 | ||
|---|---|---|---|
| 001 | rc\2774267 | ||
| 005 | 20250806204624.0 | ||
| 035 | _a(NLR Aleph) 006900586 | ||
| 090 |
_a28951 _c28951 |
||
| 100 | _a20110915d1941 u y0rusy50 ca | ||
| 101 | 0 | _arus | |
| 102 | _aRU | ||
| 105 | _aa z ||||| | ||
| 200 | 1 |
_aТиповые проекты зданий высоконапорных гидроэлектрических станций для напоров от 22,5 до 50 м и мощностей от 24,5 до 311 л. с. на валу турбины _fГидроэнергопроект. Моск. отд-ние ГИДЭПа |
|
| 210 |
_aМосква _cГлавсельэлектро НКЗ СССР _d1941 |
||
| 215 |
_a33 л., 6 вкл. л. черт., табл. _d33 см. |
||
| 300 | _aЛитогр. изд. | ||
| 712 | 0 | 2 | _aГидроэнергопроект, трест (Москва) |
| 801 | 0 |
_aRU _bNLR _gpsbo |
|
| 801 | 1 |
_aRU _bELAR _2rusmarc |
|
| 852 |
_aNLR _jТ80 Г-9/7 |
||
| 942 | _cBOOK | ||
| 945 | _aРоссийская национальная библиотека | ||
| 980 | _aNB | ||
| 980 | _aBV | ||